000
00290nam a22001217a 4500
008
181129b xxu||||| |||| 00| 0 eng d
041
_a
eng
080
_a
043.3
100
_a
0
101
_a
BTH-ARK
245
_a
Dizajnimi i Bllokut Urban me banim individual
_c
Brdakic, R
942
_2
udc
_c
BK
999
_c
52624
_d
52624